| 000 | 00377nam a2200157Ia 4500 | ||
|---|---|---|---|
| 008 | 230312s9999||||xx |||||||||||||| ||und|| | ||
| 020 | _a0130209759 | ||
| 082 |
_a837 _bROB-A |
||
| 100 | _aRobetson,F.A | ||
| 245 | 0 | _aAIRSPEAK | |
| 260 |
_bPrentice hall International UK _aUK _c1987 |
||
| 300 | _a219 | ||
| 546 | _aEng. | ||
| 650 |
_aAviation _vPrflight to line-up |
||
| 942 | _cBK | ||
| 999 |
_c6291 _d6291 |
||